Sudden Death Glaicers in Wrangell St Elias National Park - Statistics

General Stats
  • This quiz has been taken 5 times
  • The average score is 4 of 8
Answers on the Grid
Answers color-coded by a green-red scale on the quiz's grid according to % correct below.
Malaspina
Hubbard
Root
Kennicot
Nabesna
Guyot
Tyndall
Yahtse
Donjek
Colombia
Worthington
Mendhall
Dawes
Fox
Byrd
Siachen
 
Answer Stats
Answer % Correct
Hubbard
80%
Guyot
60%
Malaspina
60%
Tyndall
60%
Kennicot
40%
Nabesna
40%
Root
40%
Yahtse
40%
No matching quizzes found
Score Distribution
Percent of People with Each Score
Percentile by Number Answered
Your Score History
You have not taken this quiz